000 00550nam a2200193 i 4500
001 43189
003 ES-MaACL
005 20250904061854.0
007 t|
008 030317s1972 sp ||||1| spa d
080 _a82:37.02
100 1 _aCastro Alonso, Carlos A.
_936903
245 1 0 _aDidáctica de la literatura /
_cCarlos A. Castro Alonso.
260 _a[Salamanca] :
_bAnaya,
_c[1972]
300 _a782 p. :
_bil. ;
_c24 cm.
650 0 4 _aLiteratura-
_xDidáctica.
_914485
852 _aES-MaACL
_jC-42605
_bR.81843
999 _c43189
_d43189